00482nam a2200145 a 450000100100000000500170001000800410002704000250006808200270009310000300012024500930015026000450024330000270028870000210031500004610820201002052637.0150622s1999 dr a 000 0 spa d aDO-SdBNPbspacBNPHU axxxxxxxxxxbxxxxxxxxxx1 aCarrón Vicioso, Lorelay10aUn pedacito verde en el corazón /cLorelay Carrón Vicioso ; ilustraciones Henry Cid. aSanto Domingo :bListín Diario,c1999. a63 p. :bil. ;c26 cm.1 aCid, Henry,eil.